Big Money / (Record no. 177118)

MARC details
000 -LEADER
fixed length control field 00537nam a22001937a 4500
005 - DATE AND TIME OF LATEST TRANSACTION
control field 20210209112051.0
010 ## - LCCN (DPL NO)
LC control number B-736856
020 ## - INTERNATIONAL STANDARD BOOK NUMBER
International Standard Book Number 9780099514220
Terms of availability 200.00
035 ## - SYSTEM CONTROL NUMBER
System control number B-736856
037 ## - SOURCE OF ACQUISITION
Source of stock number/acquisition Gift/Eng/03-02-2021
082 ## - DEWEY DECIMAL CLASSIFICATION NUMBER
Classification number N
100 ## - MAIN ENTRY--PERSONAL NAME
Personal name Wodehouse, P.G.
245 ## - TITLE STATEMENT
Title Big Money /
Statement of responsibility, etc P.G. Wodehouse
260 ## - PUBLICATION, DISTRIBUTION, ETC. (IMPRINT)
Place of publication, distribution, etc London
Name of publisher, distributor, etc Arrow Books
Date of publication, distribution, etc 2008
270 ## - ADDRESS
Address 20, Vauxhall Bridge Road
City London
300 ## - PHYSICAL DESCRIPTION
Extent vp.
Dimensions 19cm(pbk)
942 ## - ADDED ENTRY ELEMENTS (KOHA)
Source of classification or shelving scheme Dewey Decimal Classification
Item type English Books
Call number suffix WOD
Classification part N
Holdings
Withdrawn status Lost status Not for loan Collection code Home library Current library Date acquired Source of acquisition Cost, normal purchase price Full call number Barcode Copy number Cost, replacement price Koha item type
  Lost and Paid For   Non-fiction Central Library Central Library 08/02/2021 Gift/Eng/03-02-2021 200.00 N WOD B-736856 1 200.00 English Books

© Delhi Public Library
Hit Counter
free hit counter